Random Brand Logo Quiz #3 - Statistics

General Stats
  • This quiz has been taken 681 times
  • The average score is 19 of 25
Answer Stats
Picture Answer % Correct
Disney
98%
Coca-Cola
95%
Netflix
95%
Subway
95%
YouTube
95%
Wendy's
94%
Spotify
93%
XBOX
93%
Ghostbusters
92%
Chrome
91%
MasterCard
90%
Reddit
90%
JetPunk
89%
DreamWorks
86%
Nissan
81%
Roblox
78%
Baskin Robbins
74%
Big Boy
64%
CBS
58%
Mattel
56%
Lululemon
53%
Guess
48%
Nintendo 64
41%
Ms. Pac Man
36%
TiVo
36%
No matching quizzes found
Score Distribution
Percent of People with Each Score
Percentile by Number Answered
Your Score History
You have not taken this quiz